000 01283cam a22003497a 4500
003 CHAP
005 20220817043822.0
008 010920d2001 mx r 00110 spa d
010 _a85250
011 _a86222
035 _a96760
040 _cCHAP
090 _aTesis
100 0 0 _aCordero Pacheco, Pánfilo.
_927961
245 1 0 _aEnsayo de procedencias de Eucalyptus grandis, E. urophylla y el híbrido E. urograndis en tres sitios del municipio de Huimanguillo, Tabasco; México
_c/por Pánfilo Cordero Pacheco
260 _aChapingo, Méx. :
_bEl autor,
_c2001.
300 _a202 h. ;
_bgráfs.
502 _aTesis (M.C. en Ciencias Forestales) -- UACH. División de Ciencias Forestales
590 _aALEPH
_b10
_c20130110
_lUCH01
_h1445
590 _aBATCH-UPD
_b10
_c20130110
_lUCH01
_h0816
590 _aBATCH-UPD
_b10
_c20130410
_lUCH01
_h0453
590 _aBATCH-UPD
_b10
_c20130914
_lUCH01
_h1333
590 _aCONVERSION
_b10
_c20130109
_lUCH01
_h1347
650 1 4 _aEucalipto.
650 1 4 _aEucalipto
_xPropagación.
_938819
650 1 4 _aEucalipto
_zTabasco.
_938821
901 _aBK
905 _aAlejandra Carrasco M.
942 _cFOLL
949 _aTesis
_bBC
_cTES
_d33724000860342
_eTS2
_fc.2
_h39125
_i96760
_si
949 _aTesis
_bBC
_cTES
_d967601
_eTS1
_h39124
_i96760
_sb
999 _c85250
_d85250